| 000 | 00467nam a2200181Ia 4500 | ||
|---|---|---|---|
| 003 | LK-CoDNM | ||
| 008 | 010623t1925 xxu||||| |||| 00| 1 sin d | ||
| 040 |
_aLK-CoDNM _dLK-CoDNM _eLK-CoDNM |
||
| 041 | _asin | ||
| 080 | _a104 C 8 | ||
| 100 |
_aDisanayake,D.H.K _eed. |
||
| 245 | _aගිරිහඬු සෑ පුවත | ||
| 246 | _aGirihandu Se Puwatha | ||
| 260 |
_bGranta Prakasa _aColombo _c1925 |
||
| 300 | _b10p, 21 cm | ||
| 650 | _aVarnana | ||
| 942 | _cBK | ||
| 999 |
_c92909 _d92909 |
||